Overwatch Arcade Modes - Statistics

General Stats
  • This quiz has been taken 27 times
    26 since last reset
  • The average score is 8 of 31
Answer Stats
Hint Answer % Correct
Summer Games Lúcioball
75%
Halloween Terror Junkenstein's Revenge
55%
Capture the Flag Capture the Flag
50%
Deathmatch Deathmatch
50%
Quick Play Mystery Heroes
45%
Deathmatch Team Deathmatch
40%
Quick Play Total Mayhem
40%
Winter Wonderland Yeti Hunter
40%
Winter Wonderland Mei's Snowball Offensive
35%
Elimination 3V3 Elimination
30%
Quick Play No Limits
30%
Elimination 6V6 Elimination
25%
Quick Play Low Gravity
25%
Overwatch Archives Uprising
25%
Summer Games Copa Lúcioball
20%
Capture the Flag CTF: Blitz
20%
Deathmatch Mirrored Deathmatch
20%
Deathmatch Mystery Deathmatch
20%
Quick Play Quick Play Classic
20%
Overwatch Archives Retribution
20%
Overwatch Archives Storm Rising
20%
Winter Wonderland Freezethaw Elimination
15%
Deathmatch Hero Gauntlet
15%
Halloween Terror Junkenstein's Revenge Endless
15%
Summer Games Lúcioball Remix
15%
Deathmatch Petra Deathmatch
15%
Winter Wonderland Snowball Deathmatch
15%
Deathmatch Château Deathmatch
10%
Deathmatch Kanezaka Deathmatch
10%
Elimination 1V1 Limited Duel
5%
Elimination 1V1 Mystery Duel
5%
No matching quizzes found
Score Distribution
Percent of People with Each Score
Percentile by Number Answered
Your Score History
You have not taken this quiz since the last reset